| 000 | 02327nam a22002897a 4500 | ||
|---|---|---|---|
| 999 |
_c60057 _d60057 |
||
| 003 | Ge_BSU | ||
| 005 | 20230602114014.0 | ||
| 008 | 230602s2018ge xxu||||| |||| 00| 0 geo d | ||
| 020 | _a9788378931782 | ||
| 041 | _ageo | ||
| 080 | _a81'374.823=353.1=221.18=111 ქ-27 | ||
| 245 |
_aქართულ-ოსურ-ინგლისური სიხშირული ლექსიკონი / _cმარინა ბერიძე, მაკა თეთრაძე, სოფიკო დარასელია [და სხვა] ; ოსური სიტყვანის შემდგენლები: ნაირა ბეპიევი, ნინო პოპიაშვილი, რაზიათ ქუმარიტოვი ; რედაქტორები: ნაირა ბეპიევი, ნინო შარაშენიძე ; |
||
| 264 |
_bWojnowice, _c2018. |
||
| 300 |
_a162 გვ. ; _b 21 სმ. |
||
| 440 |
_aსაბა - ქართული ლექსიკონი _918330 |
||
| 500 | _aყდაზე ავტორები მითითებულები არ არიან. | ||
| 546 | _aყდა ქართულ, ოსურ და ინგლისურ ენებზე. დამატებითი სატიტულო გვერდები ოსურ და ინგლისურ ენებზე. | ||
| 653 | _aქართულ-ოსურ-ინგლისური ლექსიკონი. | ||
| 653 | _aGeorgian-Ossetian-English Frequency Dictionary | ||
| 700 |
_aბერიძე, მარინა _eშემდგენელი _918421 |
||
| 700 |
_aთეთრაძე, მაკა _eშემდგენელი _918416 |
||
| 700 |
_aდარასელია, სოფიკო _eდა სხვა _918417 |
||
| 700 |
_aბეპიევი, ნინო _eოსური სიტყვანის შემდგენლი _918422 |
||
| 700 |
_aპოპიაშვილი,ნინო _eოსური სიტყვანის შემდგენლი _918423 |
||
| 700 |
_aქუმარიტოვი, რაზიათ _eოსური სიტყვანის შემდგენლი და სხვა _918424 |
||
| 942 |
_2udc _cBK |
||